LIBRARY ONLINE CATALOGUE

Forensic Accounting and Fraud Examination (Record no. 18416)

MARC details
000 -LEADER
fixed length control field 00551nam a22001937a 4500
008 - FIXED-LENGTH DATA ELEMENTS--GENERAL INFORMATION
fixed length control field 200805b xxu||||| |||| 00| 0 eng d
020 ## - INTERNATIONAL STANDARD BOOK NUMBER
International Standard Book Number 0078136660
050 ## - LIBRARY OF CONGRESS CALL NUMBER
Classification number KF8968.15
Item number .H67 2008 c.1
100 ## - MAIN ENTRY--PERSONAL NAME
Personal name Hopewood, William S.
245 ## - TITLE STATEMENT
Title Forensic Accounting and Fraud Examination
Statement of responsibility, etc. William S. Hopewood
250 ## - EDITION STATEMENT
Edition statement 2nd ed.
260 ## - PUBLICATION, DISTRIBUTION, ETC. (IMPRINT)
Place of publication, distribution, etc. New York
Name of publisher, distributor, etc. McGrawHill
Date of publication, distribution, etc. 2008
300 ## - PHYSICAL DESCRIPTION
Extent xv, 656p.
650 ## - SUBJECT ADDED ENTRY--TOPICAL TERM
Topical term or geographic name as entry element Forensic Accounting
Geographic subdivision U S.
650 ## - SUBJECT ADDED ENTRY--TOPICAL TERM
Topical term or geographic name as entry element Fraud Examination
700 ## - ADDED ENTRY--PERSONAL NAME
Personal name Jay J. Leiner
700 ## - ADDED ENTRY--PERSONAL NAME
Personal name George R. Young
942 ## - ADDED ENTRY ELEMENTS (KOHA)
Source of classification or shelving scheme Library of Congress Classification
Koha item type General Collection
Holdings
Withdrawn status Lost status Source of classification or shelving scheme Not for loan Home library Current library Date acquired Cost, normal purchase price Total Checkouts Full call number Barcode Date last seen Price effective from Koha item type
    Library of Congress Classification   Kabarak, Main Campus Kabarak, Main Campus 05/08/2020 20313.00   KF8968.15 .H67 2008 c.1 029012 05/08/2020 05/08/2020 General Collection
    Library of Congress Classification   Kabarak, Main Campus Kabarak, Main Campus 05/08/2020 20313.00   KF8968.15 .H67 2008 c.2 029013 05/08/2020 05/08/2020 General Collection
    Library of Congress Classification   Kabarak, Main Campus Kabarak, Main Campus 05/08/2020 20313.00   KF8968.15 .H67 2008 c.3 029011 05/08/2020 05/08/2020 General Collection